[Event "Lloyds Bank op"]
[Site "London"]
[Date "1990.??.??"]
[Round "?"]
[White "Kumaran, Dharshan"]
[Black "Brynell, Stellan"]
[Result "1/2-1/2"]
[WhiteElo "2230"]
[BlackElo "2430"]

1.d4 e6 2.c4 Nf6 3.Nc3 Bb4 4.Nf3 b6 5.Bg5 Bb7 6.e3 h6 7.Bh4 Bxc3+ 8.bxc3 d6
9.Nd2 g5 10.Bg3 Nbd7 11.h4 Ke7 12.Rh2 Qg8 13.Bd3 Qg7 14.Qe2 Rae8 15.O-O-O Kd8
16.e4 Kc8 17.e5 dxe5 18.Bxe5 Qf8 19.hxg5 hxg5 20.Rxh8 Qxh8 21.f3 Qh6 22.Bg3 Nh5
23.Rh1 Nxg3 24.Rxh6 Nxe2+ 25.Bxe2 Kd8 26.Ne4 Rg8 27.Nf2 Ke7 28.Ng4 c5 29.Kd2 Rc8
30.Rh5 Ba6 31.d5 Rg8 32.Bd3 Kd6 33.dxe6 Kxe6 34.Rh7 Rd8 35.Ke3 Re8 36.Kd2 Rd8
37.Ke3 Re8 38.Kd2 Re7 39.Rh6+ f6 40.Ne3 Ne5 41.Bf5+ Kf7 42.Rh7+ Kf8 43.Rh8+  1/2-1/2

[Event "Los Yebenes"]
[Site "Los Yebenes"]
[Date "1990.??.??"]
[Round "?"]
[White "Izeta Txabarri, Felix"]
[Black "Galego, Luis"]
[Result "0-1"]
[WhiteElo "2380"]
[BlackElo "2350"]

1.d4 Nf6 2.Nf3 e6 3.c4 Bb4+ 4.Nc3 b6 5.Bg5 Bb7 6.e3 Bxc3+ 7.bxc3 d6 8.Nd2 Qe7
9.f3 e5 10.e4 Nbd7 11.Bd3 h6 12.Bh4 Nf8 13.Qa4+ Qd7 14.Qb3 Ne6 15.Bf2 O-O
16.O-O-O Rfb8 17.g3 a6 18.Nb1 Qe8 19.Bc2 Nd7 20.Rd2 b5 21.Bd1 bxc4 22.Qxc4 a5
23.Qa4 Ba6 24.Rb2 Rxb2 25.Kxb2 Qb8+ 26.Ka1 Bd3 27.Nd2 Nb6 28.Qa3 Nc4 29.Qc1 Nxd2
30.Ba4 Nc4 31.Re1 Ra6  0-1

[Event "Lyngby op"]
[Site "Lyngby"]
[Date "1990.??.??"]
[Round "8"]
[White "Kumaran, Dharshan"]
[Black "Bjarnason, Saevar"]
[Result "1/2-1/2"]
[WhiteElo "2230"]
[BlackElo "2325"]

1.d4 Nf6 2.c4 e6 3.Nc3 Bb4 4.Nf3 O-O 5.Bg5 b6 6.e3 Bb7 7.Bd3 h6 8.Bh4 g5
9.Bg3 Ne4 10.Qc2 f5 11.d5 Bxc3+ 12.bxc3 Nxg3 13.hxg3 Qf6 14.e4 fxe4 15.Bxe4 Na6
16.O-O Nc5 17.Nd2 Rae8 18.Bh7+ Kg7 19.Ne4 Nxe4 20.Bxe4 exd5 21.Bxd5 Bc8 22.Rae1 Re7
23.Qd2 Rfe8 24.Re3 c6 25.Rf3 Qg6 26.Qd4+ Kh7 27.Rf6 c5 28.Rxg6 cxd4 29.Rf6 dxc3
30.Rf3 Re2 31.Rxc3 Rxa2 32.f4 Kg6 33.fxg5 Kxg5 34.Rcf3 d6 35.Rf7 h5 36.Rg7+ Kh6
37.Rff7 Re1+ 38.Kh2 Bf5 39.Rxa7 Rc2 40.Rge7 Rf1 41.g4 hxg4 42.Ra3 Kg5 43.Kg3 Rfc1
44.Rg7+ Kf6 45.Rb7 Rb2 46.Re3 Rd1 47.Rb8 Rd3 48.Rf8+ Kg6 49.Rg8+ Kf6 50.Rf8+ Kg6
51.Rg8+ Kf6 52.Rf8+  1/2-1/2

[Event "Metz op"]
[Site "Metz"]
[Date "1990.??.??"]
[Round "2"]
[White "Ghitescu, Theodor"]
[Black "Fecht, Hans Peter"]
[Result "1-0"]
[WhiteElo "2415"]
[BlackElo "2260"]

1.d4 Nf6 2.c4 e6 3.Nc3 Bb4 4.Nf3 O-O 5.Bg5 h6 6.Bh4 c5 7.e3 d6 8.Rc1 Nbd7
9.a3 Bxc3+ 10.Rxc3 g5 11.Bg3 Ne4 12.Rc2 b6 13.Nd2 Bb7 14.Nxe4 Bxe4 15.Rd2 Qf6
16.Bxd6 Rfd8 17.f3 Bg6 18.Be2 Rac8 19.O-O cxd4 20.exd4 Nb8 21.c5 Na6 22.Bxa6  1-0

[Event "New York op"]
[Site "New York"]
[Date "1990.??.??"]
[Round "2"]
[White "Kumaran, Dharshan"]
[Black "Kamsky, Gata"]
[Result "1/2-1/2"]
[WhiteElo "2230"]
[BlackElo "2510"]

1.d4 Nf6 2.c4 e6 3.Nc3 Bb4 4.Nf3 b6 5.Bg5 Bb7 6.e3 h6 7.Bh4 Bxc3+ 8.bxc3 d6
9.Nd2 Qe7 10.f3 Nbd7 11.e4 e5 12.Bd3 g5 13.Bf2 Nf8 14.Nf1 Ng6 15.Ne3 Nf4
16.Qa4+ Qd7 17.Qxd7+ Nxd7 18.Bf1 Nf6 19.Nd5 N6xd5 20.cxd5 f6 21.h4 Kf7 22.h5 Rhe8
23.O-O-O g4 24.fxg4 exd4 25.Rxd4 c5 26.dxc6 Bxc6 27.Rxd6 Rac8 28.Bd4 Ne6
29.Bc4 Bxe4 30.Bb3 Bd3 31.Bxf6 Kxf6 32.Rxd3 Nf4 33.Rf3 Kg5 34.Bd1 Rc5 35.Rhf1 Nxg2
36.Rf5+ Rxf5 37.Rxf5+ Kh4 38.Rf6 Rh8 39.Re6 Nf4 40.Rd6  1/2-1/2

[Event "NZD-ch"]
[Site "?"]
[Date "1990.??.??"]
[Round "?"]
[White "Martin, Benjamin"]
[Black "Dreyer, Martin"]
[Result "1-0"]
[WhiteElo "2270"]
[BlackElo "2215"]

1.d4 Nf6 2.Nf3 e6 3.c4 Bb4+ 4.Nc3 O-O 5.Bg5 d5 6.e3 b6 7.cxd5 exd5 8.Bd3 Bb7
9.O-O Nbd7 10.Rc1 Re8 11.Qa4 Be7 12.b4 a6 13.h3 Ne4 14.Bxe7 Rxe7 15.Rfd1 Re6
16.Qb3 Nf8 17.Ne5 Nf6 18.Ne2 Ng6 19.f4 Re8 20.Qc2 c6 21.Ng3 Rc8 22.Qb3 Rc7
23.Rc3 Ne7 24.Rdc1 Qd6 25.a3 h6 26.R1c2 Nd7 27.Qb1 f6 28.Ng6 Nxg6 29.Bxg6 Rec8
30.Qd1 Nf8 31.Bd3 c5 32.bxc5 bxc5 33.dxc5 Rxc5 34.Nf5 Qb8 35.Rxc5 Rxc5  1-0

[Event "Oakham"]
[Site "Oakham"]
[Date "1990.??.??"]
[Round "?"]
[White "Kumaran, Dharshan"]
[Black "Piper, Matthew"]
[Result "1/2-1/2"]
[WhiteElo "2230"]
[BlackElo "2305"]

1.d4 Nf6 2.c4 e6 3.Nc3 Bb4 4.Nf3 b6 5.Bg5 h6 6.Bh4 g5 7.Bg3 Ne4 8.Qc2 Bb7
9.e3 Bxc3+ 10.bxc3 d6 11.Bd3 Nxg3 12.fxg3 Nd7 13.O-O Qe7 14.Nd2 O-O-O 15.Be4 h5
16.Bxb7+ Kxb7 17.a4 a5 18.Qe4+ Ka7 19.Rab1 f5 20.Rxf5 e5 21.Rbf1 Rhf8 22.c5 d5
23.cxb6+ Nxb6 24.Qxe5 Qxe5 25.Rxe5 Rxf1+ 26.Kxf1 Nxa4 27.Ke2 Nxc3+ 28.Kd3 Nb5
29.Rxg5 a4 30.Rxh5 a3 31.Rf5 a2 32.Rf1 Rf8 33.Ra1 Rf2 34.Rxa2+ Kb6 35.Ra1 Rxg2
36.Rh1 c5 37.dxc5+ Kxc5 38.Nf3 Nd6 39.Rc1+ Nc4 40.Rc2 Rxc2 41.Kxc2 Nxe3+
42.Kd3 Ng4 43.h3 Nf2+ 44.Ke2 Ne4 45.g4 d4 46.Nd2 Nf6 47.Kf3 Kd5 48.g5 Nd7
49.Kf4 Ke6 50.h4 Kf7 51.Kf5 Nf8 52.h5 d3 53.h6 Ng6 54.Ke4 Nf8 55.Kxd3 Kg6
56.Nf3 Nh7 57.Ke4 Nxg5+  1/2-1/2

[Event "Oakham"]
[Site "Oakham"]
[Date "1990.??.??"]
[Round "?"]
[White "Chabanon, Jean Luc"]
[Black "Hracek, Zbynek"]
[Result "0-1"]
[WhiteElo "2390"]
[BlackElo "2390"]

1.d4 Nf6 2.c4 e6 3.Nc3 Bb4 4.Nf3 b6 5.g3 Bb7 6.Bg2 Bxc3+ 7.bxc3 d6 8.O-O Nbd7
9.Ne1 Bxg2 10.Nxg2 O-O 11.Qd3 Qc8 12.e4 Qa6 13.Rd1 c5 14.Bg5 Rac8 15.Ne3 cxd4
16.cxd4 Qa5 17.Bxf6 Nxf6 18.Rab1 Rfd8 19.Rb3 Qh5 20.Kg2 Ng4 21.Nxg4 Qxg4
22.Rb5 Rd7 23.a4 h6 24.f3 Qg6 25.a5 bxa5 26.Rxa5 Rdc7 27.Rc1 Qf6 28.c5 e5
29.Ra6 Qg5 30.Rc2 exd4 31.Rxd6 Rxc5 32.Rxc5 Qxc5 33.Rxd4 a5 34.Rd8+ Rxd8
35.Qxd8+ Kh7 36.Qd7 Qc2+ 37.Kh3 Qa2 38.g4 a4 39.e5 Qb3 40.Kg3 a3 41.Qf5+ g6
42.Qd7 a2 43.Qa7 Qd5 44.f4 g5 45.Qa4 Qd3+  0-1

[Event "Oakham"]
[Site "Oakham"]
[Date "1990.??.??"]
[Round "?"]
[White "Kumaran, Dharshan"]
[Black "Siekanski, Janusz"]
[Result "1/2-1/2"]
[WhiteElo "2230"]
[BlackElo "2370"]

1.d4 Nf6 2.c4 e6 3.Nc3 Bb4 4.Nf3 c5 5.g3 b6 6.Bg2 Bb7 7.d5 exd5 8.Nh4 Ne4
9.Bxe4 Bxc3+ 10.bxc3 dxe4 11.Qd6 Qf6 12.Qxf6 gxf6 13.Nf5 Ba6 14.Bf4 Nc6 15.O-O-O Na5
16.Rd6  1/2-1/2

[Event "Philadelphia op2"]
[Site "Philadelphia"]
[Date "1990.??.??"]
[Round "?"]
[White "Frias, Victor J"]
[Black "Dzindzichashvili, Roman"]
[Result "0-1"]
[WhiteElo "2495"]
[BlackElo "2545"]

1.d4 Nf6 2.c4 e6 3.Nc3 Bb4 4.Nf3 c5 5.e3 Nc6 6.Bd3 Bxc3+ 7.bxc3 d6 8.Nd2 e5
9.Nb3 e4 10.Be2 b6 11.O-O O-O 12.Bd2 Bf5 13.f4 exf3 14.gxf3 Bh3 15.Rf2 Ne7
16.Kh1 Ng6 17.Qg1 Nh5 18.Nc1 f5 19.Nd3 Qh4 20.Bf1 Bxf1 21.Rfxf1 Rac8 22.Rac1 Qe7
23.Qg2 Qf7 24.d5 Rce8 25.a4 Nf6 26.Rg1 Nd7 27.Nf4 Nde5 28.Ne6 Rxe6 29.dxe6 Qxe6
30.Be1 Nxc4 31.Bf2 Rf7 32.Rgd1 Nge5 33.Bg1 h6 34.e4 f4  0-1

[Event "World op"]
[Site "Philadelphia"]
[Date "1990.??.??"]
[Round "3"]
[White "Leverett, Bruce W"]
[Black "Lerner, Konstantin Z"]
[Result "0-1"]
[WhiteElo "2260"]
[BlackElo "2560"]

1.d4 Nf6 2.c4 e6 3.Nc3 Bb4 4.Nf3 c5 5.g3 Nc6 6.d5 Bxc3+ 7.bxc3 Na5 8.Qd3 d6
9.Bg2 e5 10.e4 b6 11.Nd2 Ba6 12.O-O Qd7 13.a4 O-O-O 14.f4 h5 15.h3 Kc7 16.f5 Qe7
17.Rf2 Rdg8 18.Nf1 Bxc4 19.Qb1 Bxf1 20.Bxf1 g6 21.Bg5 gxf5 22.Rxf5 Rxg5 23.Rxg5 Nxe4
24.Rf5 Nxg3 25.Rf3 h4 26.Qb5 e4 27.Re1 f5 28.Bg2 Qg7 29.Kf2 Qxc3 30.Rb1 Qc4
31.Qb2 Qd4+  0-1

[Event "World op"]
[Site "Philadelphia"]
[Date "1990.??.??"]
[Round "9"]
[White "Leverett, Bruce W"]
[Black "Reichstein, Boris"]
[Result "0-1"]
[WhiteElo "2260"]
[BlackElo "2240"]

1.d4 Nf6 2.c4 e6 3.Nc3 Bb4 4.Nf3 c5 5.g3 b6 6.Bg2 Bb7 7.O-O Bxc3 8.bxc3 d6
9.d5 e5 10.Nh4 O-O 11.e4 Ne8 12.Nf5 Bc8 13.Ne3 g6 14.f4 exf4 15.gxf4 Nd7
16.Qe1 f6 17.Bh3 Ng7 18.Be6+ Kh8 19.f5 Ne5 20.Qe2 Ba6 21.fxg6 hxg6 22.Qg2 Nxe6
23.dxe6 Qe7 24.Nd5 Qxe6 25.Bh6 Rf7 26.Rf4 Bxc4 27.Rh4 Rh7 28.Re1 Rg8 29.Nf4 Qf7
30.Rh3 g5  0-1

[Event "CRO-Cup"]
[Site "Pula"]
[Date "1990.??.??"]
[Round "?"]
[White "Blagojevic, Dragisa"]
[Black "Vukovic, Zdravko"]
[Result "1/2-1/2"]
[WhiteElo "2395"]
[BlackElo "2425"]

1.d4 Nf6 2.c4 e6 3.Nc3 Bb4 4.Nf3 Ne4 5.Qc2 f5 6.e3 b6 7.Bd3 Bb7 8.O-O Bxc3
9.bxc3 O-O 10.Nd2 Nxd2 11.Bxd2 Nc6 12.f3  1/2-1/2

[Event "Pula op"]
[Site "Pula"]
[Date "1990.??.??"]
[Round "6"]
[White "Blagojevic, Dragisa"]
[Black "Serper, Grigory"]
[Result "0-1"]
[WhiteElo "2395"]
[BlackElo "2420"]

1.d4 Nf6 2.c4 e6 3.Nc3 Bb4 4.Nf3 c5 5.g3 cxd4 6.Nxd4 Ne4 7.Qd3 Bxc3+ 8.bxc3 Nc5
9.Qe3 b6 10.Bg2 Bb7 11.Bxb7 Nxb7 12.Qe4 Nc6 13.Nxc6 dxc6 14.Qxc6+ Qd7 15.Qxd7+ Kxd7
16.Ba3 Rhc8 17.O-O-O+ Ke8 18.Rd4 Rc7 19.Kc2 Rac8 20.c5 Nxc5 21.Bxc5 Rxc5
22.Rd3 Rc4 23.Rhd1 R8c7 24.Kb3 b5 25.Re3 Ke7 26.Kb2 a6 27.Rdd3 g5 28.h3 h5
29.Kb3 f6 30.Kb2 e5 31.Rd4 Rd7 32.Rxd7+ Kxd7 33.Rd3+ Ke7 34.Kb3 h4 35.g4 Rf4
36.Rf3 Re4 37.e3 Ke6 38.a3 Rc4 39.Rf5 e4 40.Kc2 Rc6 41.a4 b4 42.c4 Rxc4+
43.Kb3 Rc1 44.Ra5 Rb1+ 45.Kc4 b3 46.Rxa6+ Kf7 47.Rb6 Ra1 48.Rxb3 Rxa4+ 49.Kd5 Ra2
50.Kxe4 Rxf2 51.Rb8 Kg7 52.Ra8 Rh2 53.Kf5 Rxh3 54.Ra7+ Kh6 55.Kxf6 Rf3+ 56.Ke5 Rxe3+
57.Kf5 Rf3+ 58.Ke5 Rf4 59.Ra6+ Kg7 60.Ra7+ Kf8 61.Ra8+ Ke7 62.Ra7+ Kd8 63.Rg7 Rxg4
64.Kf5 Rg3  0-1

[Event "Reykjavik op"]
[Site "Reykjavik"]
[Date "1990.??.??"]
[Round "2"]
[White "Thorsteins, Karl"]
[Black "Browne, Walter S"]
[Result "1-0"]
[WhiteElo "2455"]
[BlackElo "2560"]

1.d4 Nf6 2.c4 e6 3.Nc3 Bb4 4.Nf3 c5 5.g3 cxd4 6.Nxd4 O-O 7.Bg2 d5 8.Qb3 Bxc3+
9.Qxc3 e5 10.Nb3 dxc4 11.Na5 Nd5 12.Qd2 Nc6 13.Nxc4 Be6 14.O-O b5 15.Na3 a6
16.Nc2 Rc8 17.e4 Nb6 18.b3 a5 19.Qe2 b4 20.Be3 Qc7 21.Rac1 Nd7 22.Rfd1 Qb7
23.Bf1 a4 24.Qa6 Qxa6 25.Bxa6 axb3 26.Bxc8 bxc2 27.Rxd7 Rxc8 28.Rd2 b3 29.axb3 Bxb3
30.Rd3 Na5 31.Bb6  1-0

[Event "Rishon Le Ziyyon"]
[Site "Rishon Le Ziyyon"]
[Date "1990.??.??"]
[Round "?"]
[White "Porper, Eduard"]
[Black "Liss, Eran"]
[Result "0-1"]
[WhiteElo "2470"]
[BlackElo "2300"]

1.d4 Nf6 2.Nf3 e6 3.c4 Bb4+ 4.Nc3 b6 5.g3 Bb7 6.Bg2 Bxc3+ 7.bxc3 d6 8.O-O O-O
9.Nh4 Bxg2 10.Nxg2 Nc6 11.Qd3 Qc8 12.Bg5 Nd7 13.f4 f5 14.e4 h6 15.Bh4 Rf7
16.Ne3 Nf8 17.g4 Ng6 18.Bg3 Nce7 19.h4 Qd7 20.h5 Nf8 21.Bh4 Re8 22.Rf2 c6
23.Rg2 d5 24.cxd5 fxe4 25.dxc6 Qxc6 26.Qd2 Rxf4 27.Bxe7 Rxe7 28.Nf5 exf5
29.Qxf4 Qxc3 30.Rc1 Qxd4+ 31.Kh1 fxg4 32.Rf2 Re8 33.Qf7+ Kh8 34.Rc7 g3 35.Rd2 Qf6
36.Qxf6 gxf6 37.Rf7 Ne6 38.Rxf6 e3 39.Rg2 Nd4 40.Rxg3 Nf5 41.Rg1 e2 42.Re1 Nd4
43.Rxh6+ Kg7 44.Rg6+ Kh7 45.Rg2 Re5 46.Rf2 Rxh5+ 47.Kg2 Rg5+ 48.Kh3 Re5 49.Kg3 Kg6
50.Kf4 Kf6 51.Rg2 Ke6 52.Rg8 Rf5+ 53.Kg4 Rf7 54.Rc8 Kd5 55.Re8 Kc4 56.Re3 b5
57.Rc1+ Kd5 58.Rc8 Rf1 59.Rce8 b4 60.Kh3 a5 61.Kg2 Ra1 62.Rd8+ Kc4 63.Rc8+ Kb5
64.Re5+ Kb6 65.Rb8+ Kc7 66.Rbe8 Rxa2 67.Kg3 Ra1 68.Re4 b3  0-1

[Event "Sas van Gent"]
[Site "Sas van Gent"]
[Date "1990.??.??"]
[Round "1"]
[White "Mikhalchishin, Adrian"]
[Black "Deleyn, Gunter"]
[Result "1-0"]
[WhiteElo "2485"]
[BlackElo "2315"]

1.d4 Nf6 2.Nf3 e6 3.c4 Bb4+ 4.Nc3 b6 5.Qb3 Qe7 6.Bf4 Nc6 7.a3 Bxc3+ 8.Qxc3 h6
9.d5 Na5 10.b4 Nb7 11.dxe6 dxe6 12.e4 c5 13.Bd3 O-O 14.O-O Re8 15.e5 Nh7
16.Nd2 Nf8 17.Ne4 Ng6 18.Bg3 Bd7 19.b5 a6 20.a4 a5 21.h4 Nf8 22.Nf6+ gxf6
23.exf6 Qd8 24.Be4 e5 25.Bxe5 Ng6 26.f4 Ra7 27.Qg3 Bg4 28.Qxg4 Rxe5 29.fxe5 Qd4+
30.Kh1 h5 31.Qf3 Nxe5 32.Qf5 Ng6 33.Rad1 Nd6 34.Rxd4  1-0

[Event "Wch U16"]
[Site "Singapore"]
[Date "1990.??.??"]
[Round "?"]
[White "Miladinovic, Igor"]
[Black "Liss, Eran"]
[Result "1-0"]
[WhiteElo "2360"]
[BlackElo "2300"]

1.d4 Nf6 2.c4 e6 3.Nc3 Bb4 4.Nf3 b6 5.g3 Bb7 6.Bg2 Bxc3+ 7.bxc3 d6 8.O-O O-O
9.Ne1 Bxg2 10.Nxg2 Nc6 11.Qd3 Qc8 12.Rd1 Qa6 13.e4 Na5 14.Ne3 c5 15.e5 dxe5
16.dxe5 Ne8 17.Qe4 Nc7 18.Bb2 Rfd8 19.h4 Qb7 20.Qf4 b5 21.cxb5 Qxb5 22.Ba3 Nc6
23.h5 h6 24.g4 Qe2 25.Re1 Qd3 26.Bxc5 Qxc3 27.Bd6 Nb5 28.Rad1 Nxd6 29.exd6 Rab8
30.Re2 Rb4 31.Qg3 Rd4 32.Rf1 R4xd6 33.Rc2 Qe5 34.f4 Qe4 35.g5 hxg5 36.h6 gxh6
37.fxg5 Qe5 38.Qf3 Nd4 39.Qxf7+ Kh8 40.Ng4 Ne2+ 41.Rxe2 Qxe2 42.Qf6+ Kg8
43.Qg6+ Kh8 44.Qxh6+ Kg8 45.Qg6+ Kh8 46.Qh5+  1-0

[Event "Wch U16"]
[Site "Singapore"]
[Date "1990.??.??"]
[Round "?"]
[White "Parker, Jonathan"]
[Black "Topalov, Veselin"]
[Result "0-1"]
[WhiteElo "2325"]
[BlackElo "2495"]

1.d4 Nf6 2.Nf3 e6 3.c4 Bb4+ 4.Nc3 c5 5.g3 cxd4 6.Nxd4 Ne4 7.Qd3 Nxc3 8.bxc3 Be7
9.Bg2 O-O 10.O-O Na6 11.Nb5 Nc5 12.Qd4 d6 13.Rd1 e5 14.Qd2 Qa5 15.Ba3 Be6
16.Bb4 Qb6 17.Qe3 Rac8 18.Bd5 Rfd8 19.Rab1 Qa6 20.Rb2 h6 21.Rbd2 Bxd5 22.Rxd5 Qxa2
23.Nxd6 Rxd6 24.Rxd6 Bxd6 25.Rxd6 Qxc4 26.Qxe5 Ne6 27.Rd7 Qc6 28.Rd6 Qe8
29.h4 b6 30.c4 Nf8 31.Qd4 f6 32.e3 Ng6 33.f4 Nf8 34.Bc3 Qf7 35.Rd5 Qg6 36.Kh2 Qc2+
37.Kh3 Ne6 38.Qd2 Qe4 39.f5 Rxc4 40.Rd6 Qe5 41.Kh2 Nc5 42.Rd8+ Kh7 43.Rd4 Ne4
44.Qc2 Rxc3 45.Qxe4 Qxe4 46.Rxe4 a5  0-1

[Event "Hungaroil"]
[Site "Siofok"]
[Date "1990.??.??"]
[Round "9"]
[White "Petran, Pal"]
[Black "Tolnai, Tibor"]
[Result "1/2-1/2"]
[WhiteElo "2410"]
[BlackElo "2480"]

1.d4 Nf6 2.c4 e6 3.Nc3 Bb4 4.Nf3 c5 5.g3 O-O 6.Bg2 cxd4 7.Nxd4 d5 8.Qb3 Bxc3+
9.Qxc3 e5 10.Nb3 Nc6 11.O-O dxc4 12.Qxc4 Be6 13.Qb5 Qb6 14.Qxb6 axb6 15.Be3 Ra6
16.Nc1 Nd5 17.Bxd5 Bxd5  1/2-1/2

[Event "St Ingbert op"]
[Site "St Ingbert"]
[Date "1990.??.??"]
[Round "6"]
[White "Neurohr, Stephan"]
[Black "Dimitrov, Vladimir"]
[Result "1/2-1/2"]
[WhiteElo "2325"]
[BlackElo "2455"]

1.d4 e6 2.c4 Nf6 3.Nc3 Bb4 4.Nf3 d5 5.Bg5 Nbd7 6.cxd5 exd5 7.e3 c5 8.Be2 Qa5
9.O-O Bxc3 10.bxc3 c4 11.Bxf6 Nxf6 12.Qc2 O-O 13.Ne5 Qa3 14.Rab1 g6 15.f3 Ne8
16.e4 Qe7 17.Qd2 Nc7 18.a4 f6 19.Ng4 dxe4 20.fxe4 Bxg4 21.Bxg4 Ne8 22.Qe2 Nd6
23.e5 fxe5 24.dxe5 Rxf1+ 25.Rxf1 Re8 26.exd6 Qxe2 27.Bxe2 Rxe2 28.Rb1 Rd2
29.Rxb7 Rxd6 30.Rc7 Rd1+ 31.Kf2 Rd2+ 32.Kf1 a5 33.Rxc4 Ra2 34.h4 h5 35.g4 hxg4
36.Rxg4 Kh7  1/2-1/2

[Event "Rilton Cup"]
[Site "Stockholm"]
[Date "1990.??.??"]
[Round "9"]
[White "Thorsteinsson, Thorsteinn"]
[Black "Wedberg, Tom"]
[Result "1/2-1/2"]
[WhiteElo "2305"]
[BlackElo "2480"]

1.d4 Nf6 2.c4 e6 3.Nc3 Bb4 4.Nf3 b6 5.Bd2 Bb7 6.g3 c5 7.a3 Bxc3 8.Bxc3 Ne4
9.Rc1 O-O 10.Bg2 d6 11.O-O Nd7 12.Qd3 Nxc3 13.Rxc3 Nf6 14.Rd1 Qc7 15.Ne1 Bxg2
16.Nxg2 Rfd8 17.e4 Qb7 18.f3 Rd7 19.Ne3 cxd4 20.Qxd4 Qc6 21.Kg2 Rad8 22.h3 a6
23.Nc2 Rc8 24.Ne3 Rcd8 25.Nc2 Rb8 26.Ne3 Qb7 27.b4 Rbd8 28.Rcd3 b5 29.Ng4 Nxg4
30.hxg4 bxc4 31.Qxc4 h6 32.Rc1 d5 33.exd5 Rxd5 34.Rxd5 exd5 35.Qc7 Qxc7 36.Rxc7 d4
37.Rc2 a5 38.bxa5 Rd5 39.Rd2 Rxa5 40.Rd3 g6 41.Rxd4 Rxa3  1/2-1/2

[Event "USA op"]
[Site "USA"]
[Date "1990.??.??"]
[Round "?"]
[White "Delgado, I."]
[Black "Baquero, Luis A"]
[Result "1/2-1/2"]
[WhiteElo "2300"]
[BlackElo "2355"]

1.d4 Nf6 2.c4 e6 3.Nc3 Bb4 4.Nf3 c5 5.g3 O-O 6.Bg2 cxd4 7.Nxd4 d5 8.Qb3 Nc6
9.Nxc6 Bxc3+ 10.Qxc3 bxc6 11.cxd5 cxd5 12.Be3 Re8 13.Rc1 Ba6 14.Qc7 d4 15.Bg5 Qxc7
16.Rxc7 Rec8 17.Rxc8+ Rxc8 18.Bxf6 gxf6 19.Kd2 f5 20.Rb1 Bb5 21.b3 Rc3 22.a4 Ba6
23.Bf3 Kf8 24.b4 Bc4 25.Rc1 Rxc1 26.Kxc1 Ke7 27.Kd2 e5 28.Bc6 e4 29.e3 Kd6
30.Ba8 d3 31.Kc3 Bd5 32.Bxd5 Kxd5 33.h3 h5 34.h4 f6 35.f3 exf3 36.Kxd3 f2
37.Ke2 Kc4 38.Kxf2 Kxb4 39.Kf3 Kxa4 40.Kf4 Kb4 41.Kxf5 a5 42.g4 a4 43.gxh5 a3
44.h6 a2 45.h7 a1=Q 46.h8=Q  1/2-1/2

[Event "Wiesbaden op"]
[Site "Wiesbaden"]
[Date "1990.??.??"]
[Round "?"]
[White "Schoene, Ralf"]
[Black "Dautov, Rustem"]
[Result "1/2-1/2"]
[WhiteElo "2360"]
[BlackElo "2560"]

1.d4 Nf6 2.c4 e6 3.Nc3 Bb4 4.Nf3 O-O 5.Bg5 c5 6.e3 cxd4 7.exd4 d5 8.Rc1 Be7
9.c5 h6 10.Bf4 b6 11.b4 bxc5 12.bxc5 Qa5 13.Bd2 Qd8 14.Bd3 Nc6 15.O-O Bd7
16.Rb1 Nh7 17.Ba6 Ng5 18.Nb5 Nxf3+ 19.Qxf3 Bc8 20.Bxc8 Rxc8 21.Qa3 Qd7 22.Bf4 Bf6
23.Bd6 Rfe8 24.Qa6 Bxd4 25.Nxd4 Nxd4 26.Rb7 Qc6 27.Rxa7 Nb5 28.Qxc6 Rxc6
29.Rd7 Ra8 30.Rb1 Rxa2 31.h3 Ra5 32.Be7 Nd4 33.Rb8+  1/2-1/2

[Event "GER-ch"]
[Site "Bad Neuenahr"]
[Date "1991.??.??"]
[Round "2"]
[White "Schoene, Ralf"]
[Black "Lau, Ralf"]
[Result "1/2-1/2"]
[WhiteElo "2350"]
[BlackElo "2485"]

1.d4 Nf6 2.c4 e6 3.Nc3 Bb4 4.Nf3 O-O 5.Bg5 h6 6.Bh4 c5 7.e3 cxd4 8.exd4 Be7
9.Bd3 d6 10.O-O Nbd7 11.Rc1 b6 12.Bb1 Bb7 13.Re1 Re8 14.Nd2 Rc8 15.Bg3 a6
16.Nce4 Nxe4 17.Nxe4 Nf6 18.Nd2 d5 19.f3 dxc4 20.Rxc4 Rxc4 21.Nxc4 b5 22.Ne5 Qb6
23.Qd3 Rd8 24.Bf2 Kf8 25.h3  1/2-1/2

[Event "GER-ch"]
[Site "Bad Neuenahr"]
[Date "1991.??.??"]
[Round "14"]
[White "Schoene, Ralf"]
[Black "Schmittdiel, Eckhard"]
[Result "1/2-1/2"]
[WhiteElo "2350"]
[BlackElo "2485"]

1.d4 Nf6 2.c4 e6 3.Nc3 Bb4 4.Nf3 c5 5.g3 O-O 6.Bg2 Nc6 7.O-O d6 8.a3 Bxc3
9.bxc3 Qe7 10.Re1 e5 11.e4 b6 12.Qd3 Ba6 13.Nh4 cxd4 14.Nf5 Qe6 15.cxd4 Bxc4
16.Qe3 Nxd4 17.Nxd4 exd4 18.Qxd4 Rac8 19.Bb2 Rfe8 20.Re3 Bb3 21.Qb4 Bc2 22.f3 Nd5
23.Qd4 f6 24.Re2 Ne7 25.Rd2 Red8 26.Bf1 Bb3 27.f4 Nc6 28.Qd3 Na5 29.f5 Qf7
30.Rg2 Bc4 31.Qf3 Re8 32.g4 Bxf1 33.Rxf1 Nc4 34.g5 fxg5 35.Ba1 h6 36.h4 Ne5
37.Bxe5 Rxe5 38.hxg5 hxg5 39.Rxg5 Rce8 40.Rg4 Kf8 41.Rf2 d5 42.Rh2 dxe4 43.Rh8+ Ke7
44.Rxe8+ Kxe8 45.Rxe4 Rxe4 46.Qxe4+ Qe7 47.Qd3 Qe5 48.Kg2 Ke7 49.Kh3 b5 50.Kg4 a5
51.Qf3 Qd4+ 52.Kg5 Qd2+ 53.Kg4 Kd6 54.Qe4 Qd5 55.Qe3 b4 56.axb4 Qc4+ 57.Kg5 axb4
58.Qb6+ Ke5 59.Qb8+ Ke4 60.Qb7+ Ke3 61.Qxg7 b3  1/2-1/2

[Event "JUG-ch"]
[Site "Banja Vrucica"]
[Date "1991.??.??"]
[Round "?"]
[White "Miladinovic, Igor"]
[Black "Tesic, Dragan"]
[Result "1/2-1/2"]
[WhiteElo "2375"]
[BlackElo "2265"]

1.d4 Nf6 2.c4 e6 3.Nc3 Bb4 4.Nf3 c5 5.g3 b6 6.Bg2 Bb7 7.O-O O-O 8.d5 Bxc3
9.bxc3 exd5 10.Nh4 Ne4 11.cxd5 Nxc3 12.Qd3 Na4 13.Qb3 Qf6 14.Qxa4 Qxa1 15.Qg4 Qd4
16.e4 Bxd5 17.Be3 Be6 18.Qh5 Qc3 19.Rc1 Qb2 20.e5 Nc6 21.Be4 g6 22.Nxg6 fxg6
23.Bxg6 Rf7 24.Bxf7+ Bxf7 25.Qg4+ Bg6 26.Qxd7 Nd4 27.Qd5+ Kg7 28.Qxa8 Ne2+
29.Kf1 Nxc1 30.Bh6+ Kxh6 31.Qf8+ Kh5 32.Qf3+ Kh6 33.Qf8+ Kh5 34.Qf3+ Kh6
35.Qf8+  1/2-1/2

[Event "Barcelona Vulca"]
[Site "Barcelona"]
[Date "1991.??.??"]
[Round "2"]
[White "Campos Moreno, Javier B"]
[Black "Vehi Bach, Victor Manuel"]
[Result "1-0"]
[WhiteElo "2480"]
[BlackElo "2420"]

1.d4 Nf6 2.c4 e6 3.Nc3 Bb4 4.Nf3 b6 5.Bg5 Bb7 6.e3 h6 7.Bh4 Bxc3+ 8.bxc3 d6
9.Nd2 g5 10.Bg3 Qe7 11.h4 Rg8 12.hxg5 hxg5 13.Qa4+ Nc6 14.c5 Kf8 15.Bb5 Na5
16.c6 Bc8 17.e4 e5 18.d5 Bg4 19.f3 Bh5 20.Bf2 Bg6 21.g4 Kg7 22.O-O-O Rh8
23.Be3 Rxh1 24.Rxh1 Ng8 25.Nf1 Nh6 26.Ng3 Rh8 27.Be2 Qd8 28.c4 f6 29.Bd2 Nf7
30.Rxh8 Qxh8 31.Bxa5 bxa5 32.Qxa5 Qb8 33.Kc2 Nd8 34.Bd3 Kf8 35.Ne2  1-0

[Event "Latin Cup Final"]
[Site "Bogota"]
[Date "1991.??.??"]
[Round "7"]
[White "Sunye Neto, Jaime"]
[Black "Sisniega, Marcel"]
[Result "1/2-1/2"]
[WhiteElo "2475"]
[BlackElo "2530"]

1.d4 Nf6 2.c4 e6 3.Nc3 Bb4 4.Nf3 d5 5.g3 dxc4 6.Bg2 Bd7 7.Ne5 Bc6 8.Nxc6 Nxc6
9.O-O Qd7 10.Qa4 Nd5 11.Nxd5 exd5 12.e4 Be7 13.exd5 Nb4 14.Qxd7+ Kxd7 15.Bd2 Nd3
16.b3 Bf6 17.Bc3 b5 18.bxc4 bxc4 19.Rfd1 Rab8 20.Be4 Rhe8 21.Bxd3 cxd3 22.Rxd3 Re2
23.Bd2 Rb2 24.Be3 Rxa2 25.Rxa2 Rxa2 26.Bf4 Bd8 27.Rc3 g5 28.Be3 a5 29.Rc6 a4
30.Ra6 Be7 31.d6 Bxd6 32.Bxg5 Ke6 33.Bf4 Kd5 34.Bxd6 cxd6 35.Kg2 a3 36.Kf3 Kc4
37.Rxd6 Rd2 38.Ra6 Rd3+ 39.Ke4 Rxd4+ 40.Ke5 Rd3 41.f4 Re3+ 42.Kf5 Kb3 43.g4 Rh3
44.Ra7 a2 45.Kf6 Rxh2 46.Kxf7 Rh1 47.f5 Rg1 48.Kg7 h5 49.Rb7+ Kc4 50.Ra7 a1=Q+
51.Rxa1 Rxa1 52.gxh5 Kd5 53.h6 Ra7+ 54.Kg6 Ke5 55.h7 Rxh7  1/2-1/2

[Event "Borsodtavho"]
[Site "Borsodtavho"]
[Date "1991.??.??"]
[Round "2"]
[White "Manor, Ilan"]
[Black "Horvath, Jozsef"]
[Result "0-1"]
[WhiteElo "2445"]
[BlackElo "2540"]

1.d4 Nf6 2.Nf3 e6 3.c4 Bb4+ 4.Nc3 c5 5.e3 O-O 6.Bd3 d5 7.O-O Nc6 8.a3 Bxc3
9.bxc3 dxc4 10.Bxc4 Qc7 11.dxc5 Na5 12.Bd3 Qxc5 13.a4 Qc7 14.Ba3 Rd8 15.Nd4 a6
16.f4 b6 17.Qe1 Bb7 18.e4 Rac8 19.Bb2 Nc4 20.Bc1 Qc5 21.Kh1 e5 22.fxe5 Nxe5
23.Bb1 Qxc3 24.Qxc3 Rxc3 25.Bb2 Rc4 26.Nf5 Nd3 27.Nh6+ Kf8 28.Bxf6 gxf6 29.Bxd3 Rxd3
30.Rxf6 Bxe4 31.Rxf7+ Ke8 32.Rg7 Rxa4 33.Rf1 Rad4 34.Ng4 Rd1 35.Kg1 Rxf1+
36.Kxf1 Kf8 37.Rg5 Rd6 38.Ke2 Bd5 39.Nf6 Bc4+  0-1

[Event "Cansys IM-B"]
[Site "Budapest"]
[Date "1991.??.??"]
[Round "3"]
[White "Von Herman, Ulf"]
[Black "Schneider, Attila"]
[Result "1/2-1/2"]
[WhiteElo "2205"]
[BlackElo "2385"]

1.d4 Nf6 2.c4 e6 3.Nc3 Bb4 4.Nf3 b6 5.Bg5 h6 6.Bh4 g5 7.Bg3 Ne4 8.Qc2 Bb7
9.Nd2 Bxc3 10.bxc3 Nxg3 11.fxg3 Qe7 12.e4 Nc6 13.Bd3 O-O-O 14.Nb3 f5 15.e5 h5
16.c5 h4 17.O-O-O Rh6 18.Qe2 g4 19.Rhf1 Kb8 20.Kb1 hxg3 21.hxg3 Rh2 22.Rde1 Qg5
23.Rf2 Rdh8 24.Kb2 Rh1 25.d5 Ne7 26.d6 cxd6 27.cxb6 axb6 28.Bb5 Nc6 29.exd6 Qg7
30.Rxh1 Rxh1 31.Qe3 Nb4 32.Qxb6 Qxc3+ 33.Kxc3 Nd5+ 34.Kb2 Nxb6 35.a4 Bd5
36.Nc5 Nc8 37.Bxd7 Nxd6 38.Bxe6 Nc4+ 39.Kc3 Ne3 40.Bxd5 Nd1+ 41.Kd4 Nxf2
42.Ke5 Rc1 43.Ne6 Rc3  1/2-1/2

[Event "Utasellato NK"]
[Site "Budapest"]
[Date "1991.??.??"]
[Round "4"]
[White "Balogh, Bela"]
[Black "Csonkics, Tunde"]
[Result "1/2-1/2"]
[WhiteElo "2270"]
[BlackElo "2320"]

1.c4 Nf6 2.Nc3 e6 3.d4 Bb4 4.Nf3 c5 5.e3 Nc6 6.Bd3 Bxc3+ 7.bxc3 d6 8.O-O e5
9.Nd2 O-O 10.Ne4 Nxe4 11.Bxe4 Qc7 12.f4 Na5 13.fxe5 dxe5 14.Ba3 Nxc4 15.Bxc5 Nd6
16.Bd5 Be6 17.Qb3 Rfe8 18.Bxd6 Qxd6 19.Bxe6 Qxe6 20.Qxb7 exd4 21.exd4 Rab8
22.Qf3 Rb2 23.Rf2 Rxf2 24.Qxf2 Qc4 25.Re1 Rc8 26.Qe2 Qa4 27.d5 g6 28.d6 Rd8
29.Qe7 Rd7 30.Qe8+ Kg7 31.Qe5+ Kg8 32.Rb1 Rd8 33.Qe7 Re8 34.Qb7 Qxa2 35.d7 Rd8
36.Qb8 Qa5 37.Qd6 Qxc3 38.Rd1 Qe3+ 39.Kh1 Kg7 40.h3 Qe6 41.Qc7 Qb6 42.Qe5+ Qf6
43.Qa5  1/2-1/2